000 00415nam a22001217a 4500
082 _a200 THE
100 _aAreebah Altaf
_970478
245 _aTH-SOF-1687-Investigation of Agile methodology adaptation & implementation at Global and National Software Industry
260 _aISLAMABAD
_bNUST COLLEGE OF EME
_c2019
650 _aMS-CSE-15 MSTHESIS
_969366
700 _aSupervisor Dr. Urooj Fatima
_969679
942 _cCF
999 _c577459
_d577459